| 000 | 00933cab a2200289 4500 | ||
|---|---|---|---|
| 001 | ABS59688 | ||
| 008 | 090401t1998 xxu||||| |||| 00| 0 eng d | ||
| 035 | _a(Sirsi) u89562 | ||
| 041 | _aeng | ||
| 100 | _aMogollon, J. | ||
| 245 | _aCase load | ||
| 260 | _c1998 | ||
| 350 | _a0 | ||
| 490 |
_aInside Housing _v15(46) 6 November 1998, 17-18(2) |
||
| 520 | _aProvides a brief overview of case law concerning joint tenants and the principles relating to security of tenure. | ||
| 650 | _aBRUTON V LONDON AND QUADRANT HOUSING TRUST | ||
| 650 | _aBURTON V CAMDEN LBC | ||
| 650 | _aDWELLING HOUSE | ||
| 650 | _aJOINT TENANTS | ||
| 650 | _aLICENCES | ||
| 650 | _aNEWLON HOUSING TRUST V ALSULAIMEN AND ANOTHER | ||
| 650 | _aPARKINS V WESTMINSTER CC | ||
| 650 | _aSTREET V MOUNTFORD | ||
| 690 | _aPROPERTY-RESIDENTIAL PROPERTY-RESIDENTIAL LANDLORD AND TENANT-RESIDENTIAL TENANCIES | ||
| 942 | _n0 | ||
| 948 | _c09/11/1998 | ||
| 999 |
_c56680 _d56680 |
||